00943nam a2200265 a 450000100060000000300080000600500170001400800410003103500190007204000300009104100080012108200240012910000280015324501040018125000170028526000410030230000280034350400420037165000280041365000330044165100320047494200120050699900170051895201420053532616BD-RjUL20211209051850.0140427s1977 ii b 001 0 eng d a(BD-RjUL)32705 aMHcMHdDLCdBD-RjULbeng aeng04a294.30954bJOS 19771 aJoshi, Lal Mani.99925110aStudies in the Buddhistic culture of India during the 7th and 8th centuries A.D. /cLal Mani Joshi. a2nd rev. ed. aDelhi :bMotilal Banarsidass,c1977. axxiii, 497 p. ;c23 cm. aBibliography: p. [435]-468. and Index 0aBuddhismzIndia.999252 0aBuddhism and culture.999253 0aIndiaxCivilization.999254 2ddccBK c32616d32616 00102ddc40718NFICaRUCLbRUCLcReadingd1983-11-28eIndia Govt. Giftl0o294.30954 JOS 1977r2014-04-27 00:00:00tC-1w2014-04-27yBK